000 01442nac a22003131i 4500
003 EG-ScBUE
005 20231213121437.0
008 121122s1959 le ab f b 001 0 ara d
040 _aEG-ScBUE
_bara
_erda
_cEG-ScBUE
_dEG-ScBUE
043 _aar-----
082 0 4 _a956.0072
_bك و ن
_222
100 1 _aكون، كارلتون إس.،
_d1904-1981،
_eمؤلف.
_931379
240 1 0 _aCaravan : the story of the Middle East.
_lArabic
245 1 2 _aالقافلة :
_bقصة الشرق الأوسط /
_cتأليف كارلتون كون ؛ ترجمة برهان دجاني ؛ مراجعة الدكتور إحسان عباس.
264 1 _aبيروت :
_bدار الثقافة،
_c[1959]
300 _a539 صفحة :
_bإيضاحيات، خرائط ؛
_c24 سم
336 _2rdacontent
_aنص
_btxt
337 _aبدون وسيط
_2rdamedia
_bn
338 _aمجلد
_bnc
_2rdacarrier
504 _aيشتمل على إرجاعات ببليوجرافية وكشافات.
546 _aالنص باللغة العربية وتم ترجمته من اللغة الإنجليزية.
650 7 _aالتجارة
_zالشرق الأوسط.
_2BUEsh
_931380
651 7 _aالشرق الأوسط
_xتاريخ.
_2BUEsh
_931381
651 7 _aالدول العربية
_xتاريخ.
_2BUEsh
_927862
655 _vReading book
700 1 _aدجاني، برهان،
_eمترجم.
_931383
700 1 _aعباس، إحسان،
_eمراجع.
942 _cBB
_2ddc
999 _c8047
_d8047